000 00475nam a2200181Ia 4500
008 240925s9999 xx 000 0 und d
020 _a70549001
082 _a519.5 SAN
100 _aSanders ,Donald H.
245 0 _aStatistics: a first course
250 _a5th
260 _aNew York:
_bMcGraw-Hill
_c,1995.
300 _a58p.
_bNa
_fInternational Edition
500 _aIncludes Index
600 _aHumanities & Natural Science
650 _aMathematics
942 _cBK
999 _c3410
_d3410